007: First Light - Major / Supporting Characters - Statistics

General Stats
  • This quiz has been taken 5 times
  • The average score is 13 of 30
Answer Stats
Answer % Correct
Eve Moneypenny
100%
James Bond
100%
M
100%
Damien Webb
75%
John Greenway
75%
Niko Murto
75%
Rhys Beckett
75%
Sir Nicholas Webb
75%
Tero Murto
75%
Bawma
50%
Cressida Bright
50%
Isola Vale
50%
Khaby Lame
50%
Lenonx Monroe
50%
Q
50%
Seán McLoughlin
50%
Theresa Lorca
50%
Ellis White
25%
Kristina Kingsley
25%
Ramon Hernandez
25%
Robert Nash
25%
Alexandra Ronson
0%
Alistair Whitlock
0%
Harmony
0%
Henry
0%
Marcus Singh
0%
Roger Finch
0%
Secretary Bright
0%
Selina Tan
0%
Simon
0%
No matching quizzes found
Score Distribution
Percent of People with Each Score
Percentile by Number Answered
Your Score History
You have not taken this quiz